000 00678nam a22002177a 4500
003 UA-OsUOA
001 82980
007 ta
008 20120327b un ||||| |||| 00| 0 ukr d
100 _aПоліщук В.
090 _a82
_bП50
942 _cSA
040 _aUA-OsUOA
_bfre
_cUA-OsUOA
_dUA-OsUOA
245 _aПавло Филипович про Євгена Гребінку в контексті літературних обставин першої половини ХІХ століття
300 _aС.47-53
955 _a0
041 _afre
080 _a82
773 0 _w82974
650 7 _a82 Література. Літературознавство
_2UDC
999 _c369315
_d369315